000 00468nam a2200157 4500
020 _a970-17-0271-9
050 _aHF1411 S3518 1999
082 _a338.88 S719e
100 _aSalvatore, Dominick
245 _aEconomía Internacional / Dominick Salvatore
250 _a6a ed
260 _aMéxico : Prentice Hall
300 _axxviii, 767 p. / 24 cm
650 _a1. ECONOMIA INTERNACIONAL \ 2. COMERCIO INTERNACIONAL
700 _aI. Lozano Hirschfeld, Andr‚s. tr.
999 _c25986
_d25986